00982nas a2200229Ia 4500001001100000003000900011008004100020040001300061040001300074041001300087100004700100210001000147222001000157245008400167250001100251260004100262501008600303300001700389362004100406500026600447650003900713R455/D7414IT-RoPAU151124c99999999xx |||||||||||| ||und|| aIT-RoPAU cIT-RoPAU aITALIANO aGiacomelli RenzogCodice Aut. SPICS: 23491 aJESUS aJesus aJESUS, ANNO 11-N.10 SUPPL. (OTTOBRE 1989)bFuturo Si Chiama Inculturazione (Il) a1a ed. aALBA (CN)bPERIODICI SAN PAOLOc1989 bPaulus - SPICS - Società San Paolo EM (non-commercial uses only)cCopyright2015 a3 p. [82-84] aANNO 011, N.10 SUPPL. (OTTOBRE 1989) aEntrare nella Storia. Internazionalità, Caratteristica Evidente della Comunicazione Odierna che Ha Superato le Barriere Dello Spazio e del Tempo, Deve Integrarsi con le Realtà Delle Chiese e Delle Comunità Umane Locali, con L'Occhio Ai Contenuti del Messa aPASTORALEvPUBBLICAZIONE PERIODICA